00500nam a22001577a 4500020001700000040000900017082001200026100002500038245006300063260004400126300001100170650001800181942002600199999001900225952009800244 a978408855652 cNUST a823.914 aRowling, J.K.911309 aHarry Potter: band the philosopher's stone/cJ.k. Rowling aUK bBloomsbury Children's Books c2014 a331p.; aNoval9107828 2ddccFICk823.914,ROW c617389d617389 00102ddc4070aMCSbMCScGENd2026-05-12l0o823.914pMCS38992r2026-05-12w2026-05-12yFIC